000 00335nam a22001457a 4500
003 OSt
005 20220125092406.0
008 220125b |||||||| |||| 00| 0 eng d
020 _a0131866389
040 _cHU
082 _26th
_a620.112
100 _aHibbeler R. C.
_928000
245 _aMechanics of Materials
942 _2ddc
_cBOOKS
_n0
999 _c27693
_d27693